000 01004nam a2200265Ia 4500
003 OSt
005 20221005111542.0
006 a|||||r|||| 00| 0
007 ta
008 221004b |||||||| |||| 00| 0 hin d
020 _a812600889X (hbk)
_c60
024 _a97202
037 _b538, 19/03/2009, Vani Prakashan
_cTextual
040 _aCRL
_cCRL
_bhin
041 _2hin
_ahin
082 _aO157,3M61,42, 152K1;N2
100 _aठाकुर, रवीन्द्रनाथ
245 0 _aयोगायोग
246 _aYogāyoga
260 _aनई दिल्ली
_bसाहित्य अकादेमी भारत
_c1992
300 _a252पृ0
_ccm.
700 _a जोशी, इला चन्द्र, अनु.
942 _hO157,3M61,42, 152K1;N2
_cTEXL
_2cc
999 _c1022157
_d1022157